00534nam a2200181Ia 4500003000900000008004100009040001600050080001500066100002700081245008100108260003500189300001600224650002800240650001900268650002800287700001600315700002100331IN-BaIIA211028s9999 xx 000 0 eng d cIIA Library a53.08bBUR aBurr, Adrian Alexander 0aMeasurements in applied physicscA. A. Burr, K. J. Dean and R. J. Trebilcock aLondonbChapman and Hallc1968 aviii, 228p. aElectrical measurements aNASA Thesaurus aPhysical measurements. aDean, K. J. aTrebilcock, R. J